Kulay rosas ang pintig ng puso : (Record no. 18760)
[ view plain ]
| 000 -LEADER | |
|---|---|
| fixed length control field | 00807nam a22002897a 4500 |
| 001 - CONTROL NUMBER | |
| control field | 16521351 |
| 003 - CONTROL NUMBER IDENTIFIER | |
| control field | OSt |
| 005 - DATE AND TIME OF LATEST TRANSACTION | |
| control field | 20140310183103.0 |
| 008 - FIXED-LENGTH DATA ELEMENTS--GENERAL INFORMATION | |
| fixed length control field | 101028s2009 ph 000 1 tgl |
| 010 ## - LIBRARY OF CONGRESS CONTROL NUMBER | |
| LC control number | 2010338919 |
| 020 ## - INTERNATIONAL STANDARD BOOK NUMBER | |
| International Standard Book Number | 9789715848121 |
| 040 ## - CATALOGING SOURCE | |
| Original cataloging agency | DLC |
| Transcribing agency | DLC |
| 042 ## - AUTHENTICATION CODE | |
| Authentication code | lcode |
| 050 00 - LIBRARY OF CONGRESS CALL NUMBER | |
| Classification number | PL 6063 |
| Item number | .T693 2009 |
| 082 ## - DEWEY DECIMAL CLASSIFICATION NUMBER | |
| Classification number | FIL 899.2113 |
| Item number | T63 2009 |
| 100 1# - MAIN ENTRY--PERSONAL NAME | |
| Personal name | Torres, Gerardo Z. |
| 245 10 - TITLE STATEMENT | |
| Title | Kulay rosas ang pintig ng puso : |
| Remainder of title | mga maikling kuwento/ |
| Statement of responsibility, etc | Gerardo Torres. |
| 260 ## - PUBLICATION, DISTRIBUTION, ETC. (IMPRINT) | |
| Place of publication, distribution, etc | Quezon City : |
| Name of publisher, distributor, etc | C & E Pub., |
| Date of publication, distribution, etc | c2009. |
| 300 ## - PHYSICAL DESCRIPTION | |
| Extent | xvii, 72 p. : |
| Dimensions | 18 cm. |
| 650 ## - SUBJECT ADDED ENTRY--TOPICAL TERM | |
| Topical term or geographic name as entry element | Short stories, Filipino. |
| 906 ## - LOCAL DATA ELEMENT F, LDF (RLIN) | |
| a | 7 |
| b | cbc |
| c | origode |
| d | 4 |
| e | ncip |
| f | 20 |
| g | y-gencatlg |
| 942 ## - ADDED ENTRY ELEMENTS (KOHA) | |
| Source of classification or shelving scheme | Library of Congress Classification |
| Koha item type | Books |
| Call number prefix | Local |
| Withdrawn status | Lost status | Source of classification or shelving scheme | Damaged status | Home library | Current library | Shelving location | Date acquired | Total Checkouts | Total Renewals | Full call number | Barcode | Date last seen | Date checked out | Copy number | Price effective from | Koha item type | Source of acquisition |
|---|---|---|---|---|---|---|---|---|---|---|---|---|---|---|---|---|---|
| Library of Congress Classification | Archives | Archives | 12/14/2013 | PL 6063 .T693 2009 | C10710 | 05/08/2018 | 2 | 12/14/2013 | Books | Donation | |||||||
| Library of Congress Classification | College Library | College Library | Filipiniana Section | 03/04/2013 | 1 | 1 | PL 6063 .T693 2009 | C10709 | 05/08/2018 | 08/27/2014 | 1 | 03/10/2014 | Books |